LEADER 00842nam0-22002891i-450- 001 990001242000403321 035 $a000124200 035 $aFED01000124200 035 $a(Aleph)000124200FED01 035 $a000124200 100 $a20000920d1966----km-y0itay50------ba 101 0 $aeng 200 1 $aNUMERICAL solutions of nonlinear differential equations$fedited by Donald Greenspan 210 $aNew York$cJohn Wiley$d1966 610 0 $aEquazioni differenziali non lineari$aSoluzioni numeriche 676 $a515.355 676 $a517.6 702 1$aGreenspan,$bDonald 801 0$aIT$bUNINA$gRICA$2UNIMARC 901 $aBK 912 $a990001242000403321 952 $a8-F-6$b6894$fMA1 959 $aMA1 962 $a65-XX 996 $aNUMERICAL solutions of nonlinear differential equations$9117663 997 $aUNINA DB $aING01